Guidelines Interpretation of European Cultural Heritage in Tourism

Guardado en:
Detalles Bibliográficos
Otros Autores: Vaníček, Jiří, Plenković, Mario
Formato: Libro
Lenguaje:inglés
Publicado: Praha Oeconomica 2020
Edición:1st Edition
Materias:
Etiquetas: Agregar Etiqueta
Sin Etiquetas, Sea el primero en etiquetar este registro!

MARC

LEADER 00000nlm a2200000 4500
001 0271494
005 20240822101715.8
020 |a 978-80-245-2392-7 
041 0 |a eng 
044 |a CZ 
245 1 0 |a Guidelines  |b Interpretation of European Cultural Heritage in Tourism  |c Liběna Jarolímková and MIECAT project team ; Reviewers: Jiří Vaníček, Mario Plenković 
250 |a 1st Edition 
264 1 |a Praha  |b Oeconomica  |c 2020 
300 |a 219 s. 
610 2 0 |a ruch cestovný 
610 2 0 |a dedičstvo kultúrne 
610 2 0 |a Európa 
700 1 |a Vaníček, Jiří 
700 1 |a Plenković, Mario